| 000 | 00470nam a2200181Ia 4500 | ||
|---|---|---|---|
| 001 | 21172 | ||
| 003 | GE_BSU | ||
| 008 | 181216s||||||||xx |||||||||||||| ||und|| | ||
| 040 | _cGE_BSU | ||
| 245 | 4 | _aThe Economist, july 22th-28th. number 9050. 2017 | |
| 260 | _aParis | ||
| 260 | _c2017 | ||
| 300 | _a72p.27cm. ill. | ||
| 653 | _aThe Economist, july 22th-28th. number 9050. 2017 | ||
| 653 | _aПериодика | ||
| 653 | _aპერიოდიკა | ||
| 942 | _cCR | ||
| 999 |
_c54117 _d54117 |
||